Código Procesal Penal de la Provincia de Buenos Aires : con legislación complementaria actualizada /
Guardado en:
| Formato: | Libro |
|---|---|
| Idioma: | Spanish |
| Publicado: |
Buenos Aires :
Erreius,
2024.
|
| Edición: | 1a. ed. |
| Materias: | |
| Etiquetas: |
Agregar Etiqueta
Sin Etiquetas, Sea el primero en etiquetar este registro!
|
| LEADER | 00761nam a22002055a 4500 | ||
|---|---|---|---|
| 001 | DER.der015033 | ||
| 008 | 240911i2024####ag#||||||||||||||#||spa|| | ||
| 005 | 20250327132018.0 | ||
| 245 | 1 | 0 | |a Código Procesal Penal de la Provincia de Buenos Aires : |b con legislación complementaria actualizada / |c Buenos Aires - Códigos. |
| 250 | |a 1a. ed. | ||
| 260 | |a Buenos Aires : |b Erreius, |c 2024. | ||
| 300 | |a 400 p. | ||
| 020 | |a 9789877934649 | ||
| 240 | 1 | 0 | |a Buenos Aires - Códigos |
| 650 | 7 | |a DERECHO PROCESAL PENAL | |
| 650 | 7 | |a CODIGOS | |
| 859 | |a DERECHO |b BIB. DERECHO |h 348.023 |i BUE |p 0010488 | ||
| 859 | |a DERECHO |b BIB. DERECHO |h 348.023 |i BUE |p 0010489 |t 1 | ||
| 859 | |a DERECHO |b BIB. DERECHO |h 348.023 |i BUE |p 0010491 |t 2 | ||
| 859 | |a DERECHO |b BIB. DERECHO |h 348.023 |i BUE |p 0010492 |t 3 | ||
